000 01398nam a2200433 i 4500
001 43130
003 KOSZ 005
005 20230221124518.0
008 030218s2002 pl a f f |001 0 pol
015 _aPB 2003/3310
020 _a8301138793
040 _aWA N
_cWA N
_dKOSZ 005/HR
041 0 _apol
046 _k2002
080 _a550.4
080 _a556.3
080 _a(075.8)
100 1 _aMacioszczyk, Aleksandra
_d(1935- )
_eAutor
245 1 0 _aHydrogeochemia :
_bstrefy aktywnej wymiany wód podziemnych /
_cAleksandra Macioszczyk, Dariusz Dobrzyński.
260 _aWarszawa :
_bWydawnictwo Naukowe PWN,
_c2002.
300 _a448 s. :
_bil., mapy ;
_c24 cm.
336 _2rdacontent
_aTekst
_btxt
337 _2rdamedia
_aBez urządzenia pośredniczącego
_bn
338 _2rdacarrier
_aWolumin
_bnc
380 _aKsiążki
388 _a2001-
490 1 _aŚrodowisko.
504 _aBibliogr. Indeks.
650 4 _aHydrogeologia
650 4 _aGeochemia
650 4 _aWody podziemne
655 4 _aPodręczniki akademickie
658 _aGeografia i nauki o Ziemi
700 1 _aDobrzyński, Dariusz
_eAutor
710 2 _aWydawnictwo Naukowe PWN
_4pbl.
830 0 _aŚrodowisko
856 4 1 _uhttp://koha.tu.koszalin.pl/cgi-bin/koha/opac-detail.pl?biblionumber=43130
_yKatalog online BPK
942 _2UKD
_cKS
999 _c43130
_d43130